Sueños: un camino al despertar, Dra. Lola Hoffmann
Shranjeno v:
| Glavni avtor: | |
|---|---|
| Format: | Knjiga |
| Jezik: | španščina |
| Izdano: |
Santiago
La Puerta Abierta
1988
|
| Teme: | |
| Oznake: |
Označite
Brez oznak, prvi označite!
|
MARC
| LEADER | 00000nam a2200000 a 4500 | ||
|---|---|---|---|
| 001 | UCO7073 | ||
| 003 | CL-VaPUC | ||
| 008 | 001110e19880000CL |||||||||||||||||spa|d | ||
| 082 | 0 | 4 | |a 154.63 |b SIE |2 21 |
| 100 | 0 | |a Sierra, Malú |e author |9 451723 | |
| 245 | 1 | 0 | |a Sueños: un camino al despertar, Dra. Lola Hoffmann |
| 300 | |a 205 p | ||
| 942 | |c BK | ||
| 945 | |d 20001110 00:00:00 |a rbrito | ||
| 260 | |a Santiago |b La Puerta Abierta |c 1988 | ||
| 600 | 0 | 7 | |a HOFFMANN, LOLA |2 CL-VaPUC |9 451724 |
| 650 | 0 | |a Sueño |9 334635 | |
| 650 | 7 | |a CIENCIAS DEL COMPORTAMIENTO |2 CL-VaPUC |9 451725 | |
| 650 | 7 | |a INCONSCIENTE |2 CL-VaPUC |9 334612 | |
| 583 | |a last modification |c 20001110 00:00:00 |k Rodrigo Vera | ||
| 999 | |c 292282 |d 292280 | ||
| 952 | |0 0 |1 0 |4 0 |6 154_630000000000000_SIE_1988 |7 0 |8 A |9 343040 |a BIBEDU |b BIBEDU |d 2019-11-20 |i 3646882 |l 3 |o 154.63 SIE 1988 |p 3646882 |r 2023-04-25 |s 2023-04-19 |w 2019-11-20 |y BK |k BME | ||